50 centres retail rents (Record no. 117654)

MARC details
000 -LEADER
fixed length control field 01132cam a2200217 4500
001 - CONTROL NUMBER
control field WB@3612-168
008 - FIXED-LENGTH DATA ELEMENTS--GENERAL INFORMATION
fixed length control field 040706n2004 000 0 eng u
035 ## - SYSTEM CONTROL NUMBER
System control number (Sirsi) u126717
245 ## - TITLE STATEMENT
Title 50 centres retail rents
260 ## - PUBLICATION, DISTRIBUTION, ETC.
Date of publication, distribution, etc. 2004
490 ## - SERIES STATEMENT
Series statement Jones Lang Lasalle 50 Centres Retail Rents
Volume/sequential designation May 2004 28 June 2004 (8)
520 ## - SUMMARY, ETC.
Summary, etc. The latest Jones Lang LaSalle "50 centres retail rents" covering the six months to April 2004 has been published. The report provides comparisons of the top retail rents achieved and rental levels currently achievable in the major towns and cities in England, Wales and Scotland. Significant findings this period are that 1.1% rental growth was recorded, with the highest growth being in Leeds where prime zone A rents increased by 14.7%. The full report can be found at http://www.joneslanglasalle.co.uk/50_centres/50_ce ntres_2004.htm.
590 ## - LOCAL NOTE (RLIN)
Local note WB
590 ## - LOCAL NOTE (RLIN)
Local note WB
650 ## - SUBJECT ADDED ENTRY--TOPICAL TERM
Topical term or geographic name entry element PROPERTY-COMMERCIAL PROPERTY-RETAIL PROPERTY-RETAIL PROPERTY MARKET
650 ## - SUBJECT ADDED ENTRY--TOPICAL TERM
Topical term or geographic name entry element RETAIL RENTS
650 ## - SUBJECT ADDED ENTRY--TOPICAL TERM
Topical term or geographic name entry element RANKINGS
650 ## - SUBJECT ADDED ENTRY--TOPICAL TERM
Topical term or geographic name entry element PRIME RENTS
690 ## - LOCAL SUBJECT ADDED ENTRY--TOPICAL TERM (OCLC, RLIN)
Topical term or geographic name as entry element COMMERCIAL PROPERTY-MARKET
942 ## - ADDED ENTRY ELEMENTS (KOHA)
Suppress in OPAC 0
Holdings
Withdrawn status Lost status Source of classification or shelving scheme Damaged status Not for loan Home library Current library Shelving location Date acquired Total Checkouts Full call number Barcode Date last seen Copy number Price effective from Koha item type
    Dewey Decimal Classification     London London News article 06/07/2004   WB4026-01 126717-1001 06/08/2019 1 06/08/2019 News article